Taylor Swift mystery lyrics #16 - Statistics

General Stats
  • This quiz has been taken 102 times
    95 since last reset
  • The average score is 249 of 333
Answer Stats
Answer % Correct
a
97%
I
97%
you
97%
and
94%
The
94%
the
94%
in
92%
In
92%
we
92%
when
90%
When
90%
me
89%
to
89%
it
87%
on
87%
your
87%
be
85%
like
85%
my
85%
one
85%
that
85%
but
84%
were
84%
so
82%
with
82%
you're
82%
You're
82%
I'm
81%
is
81%
night
81%
want
81%
all
79%
if
77%
too
77%
it's
76%
of
76%
that's
76%
things
76%
had
74%
I'd
74%
know
74%
Oh
73%
right
73%
this
73%
first
71%
I've
71%
paper
71%
rings
71%
for
69%
marry
69%
shiny
69%
up
69%
'cause
68%
Kiss
68%
met
68%
Now
68%
Went
68%
went
68%
baby
66%
life
66%
back
65%
friends
65%
from
65%
long
65%
once
65%
or
65%
times
63%
even
61%
read
61%
two
61%
boy
60%
dreams
60%
gonna
60%
hate
60%
moon
60%
twice
60%
arms
58%
away
58%
blue
58%
except
58%
high
58%
internet
58%
stalk
58%
three
58%
Three
58%
tried
58%
whole
58%
accidents
56%
around
56%
bed
56%
darling
56%
home
56%
makes
56%
waited
56%
alright
55%
wouldn't
55%
books
53%
cold
53%
gave
53%
here
53%
jumped
53%
takes
53%
beside
52%
pool
52%
shoulder
52%
street
52%
uh
52%
wake
52%
watch
52%
without
52%
drive
50%
frames
50%
Mondays
50%
month
50%
picture
50%
complications
48%
huh
48%
painted
48%
standing
48%
winter
48%
Wrap
48%
breathe
47%
brother's
47%
dirty
47%
dreary
47%
outdoor
47%
tall
47%
wall
47%
wine
47%
color
45%
icy
45%
Which
45%
exes
44%
Honey
44%
Cat
42%
mouse
42%
flaws
40%
fights
39%
No matching quizzes found
Score Distribution
Percent of People with Each Score
Percentile by Number Answered
Your Score History
You have not taken this quiz since the last reset